UK construction prospects (Record no. 105120)

MARC details
000 -LEADER
fixed length control field 00615cam a2200181 4500
001 - CONTROL NUMBER
control field ##L132386
008 - FIXED-LENGTH DATA ELEMENTS--GENERAL INFORMATION
fixed length control field 060201n1995 000 0 eng u
035 ## - SYSTEM CONTROL NUMBER
System control number (Sirsi) u132386
041 0# - LANGUAGE CODE
Language code of text/sound track or separate title eng
050 04 - LIBRARY OF CONGRESS CALL NUMBER
Classification number 338.4569 $2 18
110 2# - MAIN ENTRY--CORPORATE NAME
Corporate name or jurisdiction name as entry element Cambridge Econometrics
9 (RLIN) 2154
245 00 - TITLE STATEMENT
Title UK construction prospects
Remainder of title analysis and forecasts to 2002
-- March 1995
260 ## - PUBLICATION, DISTRIBUTION, ETC.
Place of publication, distribution, etc. Cambridge
Name of publisher, distributor, etc. Cambridge Econometrics
Date of publication, distribution, etc. 1995
300 ## - PHYSICAL DESCRIPTION
Extent viii, 40p.
Dimensions 30cm.
520 ## - SUMMARY, ETC.
Summary, etc. Examines the prospects for the UK construction industry within the context of the overall economy.
690 ## - LOCAL SUBJECT ADDED ENTRY--TOPICAL TERM (OCLC, RLIN)
Topical term or geographic name as entry element Construction management
9 (RLIN) 6230
942 ## - ADDED ENTRY ELEMENTS (KOHA)
Suppress in OPAC 0
Holdings
Withdrawn status Lost status Source of classification or shelving scheme Damaged status Not for loan Home library Current library Shelving location Date acquired Total Checkouts Full call number Barcode Date last seen Copy number Price effective from Koha item type
    Dewey Decimal Classification     London London Basement 01/02/2006   SHELF 206 30071604 06/08/2019 1 06/08/2019 Book